| 000 | 00488nam a22002057a 4500 | ||
|---|---|---|---|
| 003 | OSt | ||
| 005 | 20140310182824.0 | ||
| 008 | 130525t xxu||||| |||| 00| 0 eng d | ||
| 020 | _a0722529368 | ||
| 050 |
_aLB 1049 _b.Ey98 1994 |
||
| 082 |
_aM 153.93 _bEy7 1994 |
||
| 245 |
_aTest your IQ _cEysenck, Hans |
||
| 260 |
_aLondon _bThorsons _c1994 |
||
| 300 |
_a213 p. _c18 cm |
||
| 521 | _aCollege | ||
| 526 | _c1200L-1700L | ||
| 541 | _j1 | ||
| 562 | _e1 | ||
| 942 |
_2lcc _cBK _kM |
||
| 999 |
_c16456 _d16456 |
||